000 00877nam a2200229Ia 4500
003 GCL
005 20240530095251.0
008 140319s9999 xx 000 0 ara d
040 _aGCL /
_cGCL
082 0 4 _a962.066
_bق/ص س
100 1 _aصلاح البيلى
245 1 0 _aسقوط الفانتوم :
_bبطولات واسرار الطيران المصرى على جبهة الجولان فى اكتوبر /
_cصلاح البيلى
260 _aالقاهرة :
_bدار التأليف والنشر
300 _a163 ص ؛
_c24 سم
650 0 4 _aالصواريخ
650 0 4 _aالحرب العربية الاسرائيلية
650 0 4 _aمصر - تاريخ
650 0 4 _aالطيران الحربى
650 0 4 _aحرب اكتوبر 1973
650 0 4 _aمصر - تاريخ - العصر الحديث - انور السادات (1971 - 1981)
942 _2ddc
_cBK
999 _c5614
_d5614